| 000 | 00717nas a2200241 4500 | ||
|---|---|---|---|
| 001 | BR0200352 | ||
| 003 | BR-BrBNA | ||
| 005 | 20231205102612.0 | ||
| 007 | ta | ||
| 008 | 230509b bl.|||p| |||| 00| 00por d | ||
| 040 |
_aBR-BrBNA _bpor _cBiblioteca Nacional de Agricultura |
||
| 041 | _a(Pt) | ||
| 072 | _aP34 | ||
| 100 | 1 | _aPapini, S. | |
| 100 | 1 | _aAndrea, M.M. | |
| 245 | 1 | _aDissipacao de simazina em solo por acao de minhocas (Eisenia foetida) | |
| 650 | _aMinhoca | ||
| 650 | _aSolo | ||
| 650 | _aHerbicida | ||
| 773 | 0 |
_tRevista Brasileira de Ciencia do Solo (Brazil) _xISSN 0100-0683 _g(Jul-Dec 2001), v. 25(3) p. 593-599 _wBR0200352 |
|
| 909 |
_a202311 _bLúcia _c55 _dLúcia Elande |
||
| 942 |
_2AGRIS _n0 _cANA |
||
| 999 |
_c168388 _d168388 |
||